| 000 | 00309 a2200133 4500 | ||
|---|---|---|---|
| 001 | 78823 | ||
| 082 | _a621.3848 SKO | ||
| 090 |
_c39453 _d39453 |
||
| 100 | _aMerrill I Skolnik | ||
| 245 | _aIntroduction to Radar System, 2/e | ||
| 250 | _a2 | ||
| 260 |
_aLondon _bMcGraw Hill _c1980 |
||
| 300 | _ax, 581 | ||
| 942 |
_aNUST-CAE _k621.3848 SKO |
||
| 999 |
_c313896 _d313896 |
||